000 00444nam a2200181Ia 4500
001 967
005 20260306140557.0
008 260306t2017||||xx |||||||||||||| ||spa||
041 _aESP
082 _a174.4
_bT72
100 _aTorralba, Francesc
_eAUT
245 0 _aLiderazgo ético:
_bla emergencia de un nuevo paradigma
260 _c2017
300 _a245 páginas :
_c22 cm.
650 _aGEN
654 _aCHU
942 _cLIB
_dJUS
_fJUS
_2ddc
_n
999 _c967
_d967